| 000 | 00810nam a22002177a 4500 | ||
|---|---|---|---|
| 005 | 20231129101601.0 | ||
| 008 | 180525t2001 sp a gr|||| 000 0 spa|| | ||
| 020 | _a8481558109 | ||
| 050 | 0 | 4 |
_aK4610 _bO74 2001 |
| 245 | 0 | 3 |
_aLa organización mundial del comercio y el regionalismo europeo _c / Antonio Remiro Brotóns, Carlos Espósito editores ; coordinadora Irene Blázquez Navarro. |
| 250 | _a1a ed. | ||
| 260 |
_aMadrid : _bDykinson, _c2001 |
||
| 300 |
_a391 p. : _bil. ; _c21 cm. |
||
| 504 | _aIncluye bibliografías | ||
| 650 | 4 |
_aComercio _xDerecho internacional _zUnión Europea. |
|
| 650 | 4 | _aOrganización Mundial del Comercio | |
| 700 | 1 |
_aRemiro Brotóns, Antonio, _eeditor |
|
| 700 | 1 |
_aEspósito, Carlos, _eeditor |
|
| 700 | 1 |
_aBlázquez Navarro, Irene, _ecoordinadora |
|
| 942 |
_2lcc _cLIB |
||
| 999 |
_c112815 _d112815 |
||